00703nam a2200121Ia 4500008004100000041000800041100003400049245005300083260005400136999001700190952018600207952018800393230206s9999 xx 000 0 und d aeng aT. S. Ravisankar, Ed.9119211 aPrajanan : Journal of Social Management Sciences c1997bNational Institute of Bank ManagementaPune c97660d97660 00104070aHIMRbHIMRd2014-06-14eSatya GilanihApril 97 to October 97 (Vol. 26 No. 1 to Vol. 26 No. 3)l0o658/RAV BV0089pHIMR-BV-89r2023-02-06 00:00:00w2014-06-14yBVzBV0089 00104070aHIMRbHIMRd2014-06-14eSatya GilanihJanuary 98 to October 98 (Vol. 26 No. 4 to Vol. 27 No. 3)l0o658/RAV BV0090pHIMR-BV-90r2023-02-06 00:00:00w2014-06-14yBVzBV0090